ASP.NET 1.0 namespace reference with C | / (Record no. 757)
[ view plain ]
| 000 -LEADER | |
|---|---|
| fixed length control field | 00644nac a22002051u 4500 |
| 008 - FIXED-LENGTH DATA ELEMENTS--GENERAL INFORMATION | |
| fixed length control field | 100906s2002 ii |||||rill 001 0 eng d |
| 020 ## - INTERNATIONAL STANDARD BOOK NUMBER | |
| International Standard Book Number | 8173664862 |
| 020 ## - INTERNATIONAL STANDARD BOOK NUMBER | |
| International Standard Book Number | 9798173664860 |
| 082 ## - DEWEY DECIMAL CLASSIFICATION NUMBER | |
| Classification number | 005.276 |
| Item number | KAL |
| Edition number | 22 |
| 100 ## - MAIN ENTRY--PERSONAL NAME | |
| Personal name | Kalani, Amit |
| 9 (RLIN) | 18296 |
| 245 ## - TITLE STATEMENT | |
| Title | ASP.NET 1.0 namespace reference with C |
| Statement of responsibility, etc | Amit Kalani [etc...]. |
| Title | / |
| 260 ## - PUBLICATION, DISTRIBUTION, ETC. (IMPRINT) | |
| Place of publication, distribution, etc | New Delhi : |
| Name of publisher, distributor, etc | Wrox Press, |
| Date of publication, distribution, etc | 2002. |
| 300 ## - PHYSICAL DESCRIPTION | |
| Extent | 966 p. : |
| Other physical details | ill. ; |
| Dimensions | 24 cm. |
| 500 ## - GENERAL NOTE | |
| General note | Includes index. |
| 650 ## - SUBJECT ADDED ENTRY--TOPICAL TERM | |
| Topical term or geographic name as entry element | x Design. |
| -- | Web sites |
| 9 (RLIN) | 18297 |
| 650 ## - SUBJECT ADDED ENTRY--TOPICAL TERM | |
| Topical term or geographic name as entry element | Microsoft .NET. |
| 9 (RLIN) | 18298 |
| 700 ## - ADDED ENTRY--PERSONAL NAME | |
| Personal name | Gerding, Dave. |
| 9 (RLIN) | 18299 |
| 700 ## - ADDED ENTRY--PERSONAL NAME | |
| Personal name | Milner, Matt. |
| 9 (RLIN) | 18300 |
| 942 ## - ADDED ENTRY ELEMENTS (KOHA) | |
| Item type | Book - Borrowing |
| Call number prefix | 005.276KAL |
| Source of classification or shelving scheme | Dewey Decimal Classification |
| Withdrawn status | Item status | Source of classification or shelving scheme | Damaged status | Not for loan | Vendor | Home library | Current library | Shelving location | Date acquired | Source of acquisition | Cost, normal purchase price | Total Checkouts | Full call number | Barcode | Date last seen | Cost, replacement price | Koha item type |
|---|---|---|---|---|---|---|---|---|---|---|---|---|---|---|---|---|---|
| Dewey Decimal Classification | Central Library | Central Library | Lower Floor | 27/07/2006 | 280.00 | 005.276 KAL | 000003829 | 15/07/2025 | 350.00 | Book - Borrowing |